A kultúra megújító szerepe és hatása a turizmusra az Egyesült Királyság két volt iparvárosának példáján keresztül
| Szerző: | |
|---|---|
| További közreműködők: | |
| Dokumentumtípus: | Diplomadolgozat |
| Kulcsszavak: | Turizmus, kulturális Program, Európa Kulturális Fővárosa Glasgow Liverpool Elemzés, összehasonlító |
| Online Access: | http://dolgozattar.uni-bge.hu/59411 |
MARC
| LEADER | 00000nta a2200000 i 4500 | ||
|---|---|---|---|
| 001 | dolg59411 | ||
| 005 | 20260115090924.0 | ||
| 008 | 260115suuuu hu om 000 hun d | ||
| 040 | |a BGE Dolgozattár Repozitórium |b hun | ||
| 041 | |a hu | ||
| 100 | 1 | |a Varga Petra | |
| 245 | 1 | 2 | |a A kultúra megújító szerepe és hatása a turizmusra az Egyesült Királyság két volt iparvárosának példáján keresztül |c Varga Petra |h [elektronikus dokumentum] |
| 695 | |a Turizmus, kulturális | ||
| 695 | |a Program, Európa Kulturális Fővárosa | ||
| 695 | |a Glasgow | ||
| 695 | |a Liverpool | ||
| 695 | |a Elemzés, összehasonlító | ||
| 700 | 1 | |a Jusztin Dr. Márta |e ths | |
| 856 | 4 | 0 | |u http://dolgozattar.uni-bge.hu/59411/1/Varga-Petra.pdf |z Dokumentum-elérés |